| 000 | 01619nam a22002417a 4500 | ||
|---|---|---|---|
| 999 |
_c1648 _d1648 |
||
| 003 | CoMeUDC | ||
| 005 | 20230310171449.0 | ||
| 008 | 230310b ||||| |||| 00| 0 eng d | ||
| 020 | _a9789583507960 | ||
| 040 | _cCO-UdeC | ||
| 082 |
_a346.06 _bS939 |
||
| 100 |
_92284 _aSuárez Franco, Roberto |
||
| 245 |
_aTeoría general de las personas jurídicas / _cRoberto Suárez Franco. |
||
| 260 |
_aBogotá : _bEditorial Temis, _c2010. |
||
| 300 |
_a328 p.; _c24 cm. |
||
| 504 | _aIncluye bibliografía e índice de disposiciones. | ||
| 505 | _aDe la autonomía de la voluntad y del derecho de asociación -- Personas naturales y jurídicas -- Evolución histórica del concepto de persona jurídica -- Naturaleza de las personas jurídicas -- De la formación de la persona jurídica -- La personería jurídica --- Requisitos de idoneidad jurídica del constituyente -- Atributos de la persona jurídica -- Funcionamiento de las personas jurídicas -- Responsabilidad de las personas jurídicas -- Extinción de la persona jurídica -- De las personas jurídicas en particular -- Clasificación de las personas jurídicas -- Personas jurídicas de derecho público .-- De las personas jurídicas de derecho privado -- De las personas jurídicas con ánimo de lucro y en especial. La sociedad -- De las entidades sin ánimo de lucro -- De las fundaciones -- Otras entidades sin ánimo de lucro - Personas jurídicas de derecho eclesiástico | ||
| 546 | _aEspañol. | ||
| 650 | 0 |
_92285 _aPersona jurídica |
|
| 650 | 0 |
_92287 _aPersonas naturales |
|
| 650 | 0 |
_92286 _aEntidades sin ánimo de lucro |
|
| 942 |
_2ddc _cBK |
||